Educational strategies for small island states
Αποθηκεύτηκε σε:
| Κύριος συγγραφέας: | |
|---|---|
| Μορφή: | Βιβλίο |
| Γλώσσα: | English |
| Δημοσίευση: |
Paris :
Unesco, International Institue for Educational Planning,
1993
|
| Σειρά: | Fundamentals of educational planning ;
; 44 |
| Θέματα: | |
| Ετικέτες: |
Προσθήκη ετικέτας
Δεν υπάρχουν, Καταχωρήστε ετικέτα πρώτοι!
|
MARC
| LEADER | 00000nam a2200000 i 4500 | ||
|---|---|---|---|
| 001 | 1/92985 | ||
| 008 | 981006s1993 eng d | ||
| 020 | |a 92-803-1147-6 | ||
| 035 | |l 10054248 | ||
| 040 | |a GR-MY-UA |b |e aacr | ||
| 041 | 0 | |a eng | |
| 082 | 0 | |a 371.207 | |
| 100 | 1 | |a Atchoarena, David. | |
| 245 | 1 | 0 | |a Educational strategies for small island states / |c David Atchoarena |
| 260 | |a Paris : |b Unesco, International Institue for Educational Planning, |c 1993 | ||
| 300 | |a 93 p. | ||
| 490 | 1 | |a Fundamentals of educational planning |v ; 44 | |
| 504 | |a Includes bibliographical references (p. 88-93) | ||
| 650 | 0 | 0 | |a Educational planning |z Developing island countries. |
| 650 | 0 | 0 | |a Education and state |z Developing island countries. |
| 650 | 0 | 0 | |a States, Small. |
| 830 | 0 | |a Fundamentals of educational planning ; |v ; 44 | |
| 852 | |a INST |b LESVOS |e 19981006 |h 371.207 ATC |p 005100017626 |q 005100017626 |t BK |y 0 | ||
| 852 | |a INST |b LESVOS |e 19991118 |h 371.207 ATC |p 005100021613 |q 005100021613 |t BK |y 0 | ||
| 901 | |a BIBL1-1999-1 | ||
| 909 | |a Λ |b 059324 | ||
| 909 | |a Λ |b 066390 | ||
| 922 | |a 1ΕΛΗ |b 199906 |c ΚΠΣ/ΤΠ |d ΠΑΠΑΣΩΤΗΡΙΟΥ | ||
| 950 | |a 107-1998-05-21 | ||
| 950 | |a 107-1998-03-04 | ||
| 970 | |z 2000/05/ΟΙΚΟΝΟΜΟΠΟΥΛΟΥ ΧΡΙΣΤΙΝΑ | ||